000 00348nam a22001457a 4500
020 _a9789332581272
040 _cNUST
082 _a620.112
_bFIT
100 _aFitzgerald, Robert W.
_934543
245 _aMechanics of Materials
250 _a2nd Ed.
260 _aindia. ;
_bPearson,
_c2017.
300 _avi, 554p. ;
_c24 cm.
942 _2ddc
_cBK
999 _c540499
_d540499